[Event "IECC CL3-2001.11"]
[Site "IECC email"]
[Date "2001.03.11"]
[Round "?"]
[White "Cuniali, Eugenio"]
[Black "Miletic, Srdjan"]
[Result "1-0"]
[WhiteElo "1834"]
[BlackElo "1791"]
[PlyCount "51"]
[EventDate "2001.??.??"]
[EventType "tourn (corr)"]
[EventRounds "4"]
[SourceTitle "Corr 2008"]
[Source "ChessBase"]
[SourceDate "2008.06.24"]
[SourceVersion "1"]
[SourceVersionDate "2008.06.24"]
[SourceQuality "1"]

1. d4 Nf6 2. c4 e6 3. Nf3 b6 4. Nc3 Bb7 5. a3 d5 6. Bf4 Bd6 7. Bg3 Ne4 8. e3 Nd7 9. Bh4 Be7 10. Bxe7 Qxe7 11. Rc1 c6 12. Bd3 f5 13. 0-0 0-0 14. Qb3 Rf6 15. Rfd1 Rg6 16. Rc2 Ng5 17. Ne1 Ne4 18. Ne2 c5 19. Nf4 Rh6 20. cxd5 Qh4 21. Nf3 Qe7 22. dxe6 Ndf6 23. Ne5 Ng4 24. Nxg4 fxg4 25. Nd5 Qxe6 26. Nf6+ 1-0

[Event "IECC CL3-2001.11"]
[Site "IECC email"]
[Date "2001.03.11"]
[Round "?"]
[White "Cuniali, Eugenio"]
[Black "Pecotic, Kuzma"]
[Result "1/2-1/2"]
[WhiteElo "1840"]
[BlackElo "1985"]
[PlyCount "78"]
[EventDate "2001.??.??"]
[EventType "tourn (corr)"]
[EventRounds "4"]
[SourceTitle "Corr 2008"]
[Source "ChessBase"]
[SourceDate "2008.06.24"]
[SourceVersion "1"]
[SourceVersionDate "2008.06.24"]
[SourceQuality "1"]

1. d4 Nf6 2. c4 e6 3. Nf3 Bb4+ 4. Bd2 Bxd2+ 5. Qxd2 d5 6. Nc3 0-0 7. e3 Qe7 8. Bd3 dxc4 9. Bxc4 c5 10. dxc5 Qxc5 11. Qd4 Qxd4 12. Nxd4 Bd7 13. 0-0 Nc6 14. Nxc6 Bxc6 15. Rfd1 Rfd8 16. f3 Kf8 17. Rac1 Ke7 18. e4 Rxd1+ 19. Rxd1 Rc8 20. b3 Nd7 21. Bf1 a6 22. b4 Nb6 23. b5 Bd7 24. bxa6 bxa6 25. Rb1 Rxc3 26. Rxb6 a5 27. Rb7 Rc5 28. Kf2 Rc2+ 29. Ke3 Ke8 30. Rb8+ Ke7 31. Rb7 Kd8 32. a4 Rc7 33. Rb8+ Rc8 34. Rb2 Bxa4 35. Ra2 Bb3 36. Rxa5 Bc4 37. Bxc4 Rxc4 38. h4 Ke7 39. h5 h6 1/2-1/2